Lexique des notions linguistiques (notice n° 1567281)
[ vue normale ]
| 000 -LEADER | |
|---|---|
| fixed length control field | 01103cam a2200133 4500500 |
| 005 - DATE AND TIME OF LATEST TRANSACTION | |
| control field | 20251214002642.0 |
| 041 ## - LANGUAGE CODE | |
| Language code of text/sound track or separate title | fre |
| 042 ## - AUTHENTICATION CODE | |
| Authentication code | dc |
| 100 10 - MAIN ENTRY--PERSONAL NAME | |
| Personal name | Neveu, Franck |
| Relator term | author |
| 245 00 - TITLE STATEMENT | |
| Title | Lexique des notions linguistiques |
| 260 ## - PUBLICATION, DISTRIBUTION, ETC. | |
| Name of publisher, distributor, etc. | Armand Colin,<br/> |
| Date of publication, distribution, etc. | 2017.<br/> |
| 520 ## - SUMMARY, ETC. | |
| Summary, etc. | Le champ de la linguistique, ou science du langage, demande aux étudiants de s’approprier un vocabulaire précis : ce lexique leur offre des définitions détaillées pour comprendre et assimiler les termes techniques propres à la discipline. Ce sont plus de 200 notions fondamentales qui sont expliquées ici. Sont privilégiées les notions descriptives qui se prêtent à de nombreuses applications en lettres et en langues. Sous une forme claire, avec de nombreux exemples, ce lexique permet également de relier les notions entre elles et d’appréhender tous les domaines constitutifs de la linguistique : phonétique, phonologie, morphologie, syntaxe, sémantique, pragmatique, etc. |
| 856 41 - ELECTRONIC LOCATION AND ACCESS | |
| Uniform Resource Identifier | <a href="https://shs.cairn.info/lexique-des-notions-linguistiques--9782200617776?lang=fr&redirect-ssocas=7080">https://shs.cairn.info/lexique-des-notions-linguistiques--9782200617776?lang=fr&redirect-ssocas=7080</a> |
Pas d'exemplaire disponible.




Réseaux sociaux